Slzy Učeblniků z oči gegich Krystem Pánem setřelé Neyprivněgssím Kázanim...

Bibliographic Details
Main Author: Lauček, Martin, 1732-1802 (Author)
Format: Book
Language:English
PhysicalDescription:[54] s.
Published: Uherská Skalica Jozeff Antonin Szkarnycla [1783]

MARC

LEADER 00000nam a2200000 a 4500
001 vtls008999055
003 SK-MaSNL
005 20260301023232.0
008 240314 000 0 eng
040 |a SNK  |b slo  |c SNK  |e AACR2 
100 1 |a Lauček, Martin,  |d 1732-1802  |4 aut  |9 124784 
245 1 0 |a Slzy Učeblniků z oči gegich Krystem Pánem setřelé Neyprivněgssím Kázanim... 
260 |a Uherská Skalica  |b Jozeff Antonin Szkarnycla  |c [1783] 
300 |a [54] s. 
999 |c 568794  |d 570724 
952 |a SNK  |b SNK  |y PREZ  |7 0  |p 17X08999053002  |o snkSD 5059 D1  |i snkF 2699/84  |8 5  |3 rekatlogizácia  |0 0  |1 0  |4 0  |d 2007-06-14  |l 0  |r 2026-02-23 14:06:31  |w 2026-02-23 
952 |a SNK  |b SNK  |y PREZ  |7 0  |p 17A0907277  |o snkSD 5059  |i snkKSD 42/58  |8 1  |0 0  |1 0  |4 0  |d 2018-08-09  |l 0  |r 2025-11-12 00:00:00  |w 2026-02-23